000 00890nam a2200265 a 4500
001 000020689
003 OSt
005 20200930011139.0
008 100812s2018 dr c 000 0 spa
020 _a9789945908831
040 _aDO-SdBNP
_bspa
_cBNPHU
082 _bP433m
100 1 _aPerdomo, Giannella
_943437
_d1942-
245 1 0 _aMis dos Eugenio.
_cGiannella Perdomo ; prólogo Minou Tavárez Mirabal
260 _aSanto Domingo,
_c2018.
_bArchivo General de la Nación
300 _a199 p
_bretrs.
_c24 cm.
490 _aArchivo General de la Nación ;
_v317 ;
500 _aIncluye datos biográficos de la autora en la solapa de la portada
500 _aIncluye índice onomástico
590 _aInventariado, 2020/YL
700 1 2 _aTavárez Mirabal, Minou
_eprol.
_961915
830 _aArchivo General de la Nación
_l317
_976576
942 _2ddc
_cLF1
956 _aYLOCKWARD
999 _c20193
_d20193